Tilastot visalle Suomen asukasluvultaan suurimmat kunnat

Klikkaa tästä pelataksesi tätä visaa!

Yleistilastot

  • Tätä visaa on pelattu 26 793 kertaa
  • Keskiarvotulos 30 / 50

Vastaustilastot

AsukkaitaKunta% Oikein
614074Helsinki
100%
220609Tampere
98%
193902Oulu
98%
182281Turku
98%
260981Espoo
98%
208310Vantaa
97%
61316Rovaniemi
95%
134802Jyväskylä
91%
66405Vaasa
88%
106451Kuopio
88%
83487Pori
87%
103352Lahti
85%
74475Joensuu
83%
72678Lappeenranta
81%
86943Kouvola
77%
67766Hämeenlinna
75%
54766Kotka
74%
60472Seinäjoki
72%
54686Mikkeli
70%
39964Rauma
70%
49538Porvoo
69%
47060Kokkola
67%
37861Kajaani
64%
22121Kemi
62%
36246Savonlinna
59%
22367Tornio
56%
28183Imatra
56%
54461Salo
56%
46285Hyvinkää
53%
39992Järvenpää
52%
34974Kerava
51%
29373Riihimäki
50%
47746Lohja
44%
32698Nokia
43%
37926Kirkkonummi
42%
38160Tuusula
41%
22159Iisalmi
41%
25529Raahe
39%
22084Varkaus
38%
41188Nurmijärvi
36%
21836Lempäälä
34%
24568Raisio
33%
22124Jämsä
32%
31744Ylöjärvi
30%
31796Kaarina
30%
28974Vihti
29%
28738Raasepori
28%
30354Kangasala
26%
25488Sastamala
26%
22007Hollola
26%

Tulosjakauma

Persentiili vastausten määrän mukaan

Jokaisen tuloksen saaneiden osuus

Tuloshistoriasi

Et ole pelannut tätä visaa